000 00289nam a2200121Ia 4500
008 150201s2012 xx 000 0 und d
082 _a621.382
_bANA
100 _aAnand,Rishabh
245 _aWireless communication
260 _bS.Chand
_aN.Delhi
_c2012
300 _a410p.
942 _2ddc
_cBK
999 _c5463
_d5463